Human Resource Management Applications: (Record no. 350484)

000 -LEADER
fixed length control field 00651nam a22002177a 4500
003 - CONTROL NUMBER IDENTIFIER
control field OSt
005 - DATE AND TIME OF LATEST TRANSACTION
control field 20180116183018.0
008 - FIXED-LENGTH DATA ELEMENTS--GENERAL INFORMATION
fixed length control field 151027b xxu||||| |||| 00| 0 eng d
020 ## - INTERNATIONAL STANDARD BOOK NUMBER
International Standard Book Number 9788131520963
040 ## - CATALOGING SOURCE
Transcribing agency 0
082 ## - DEWEY DECIMAL CLASSIFICATION NUMBER
Classification number 658.3 NKO 2011
100 ## - MAIN ENTRY--PERSONAL NAME
Personal name Nkomo Fottler Mc Afee
245 ## - TITLE STATEMENT
Title Human Resource Management Applications:
Remainder of title Cases Exercises, Incidents,and Skill Builders
Statement of responsibility, etc. Nkomo Fottler Mc Afee
250 ## - EDITION STATEMENT
Edition statement 7th Ed.
260 ## - PUBLICATION, DISTRIBUTION, ETC.
Place of publication, distribution, etc. India
Name of publisher, distributor, etc. Cengage learning
Date of publication, distribution, etc. 2011
300 ## - PHYSICAL DESCRIPTION
Extent 308 p.
Other physical details PB
440 ## - SERIES STATEMENT/ADDED ENTRY--TITLE
Title Human Resource Management Applications:
600 ## - SUBJECT ADDED ENTRY--PERSONAL NAME
Personal name Nkomo Fottler Mc Afee
700 ## - ADDED ENTRY--PERSONAL NAME
Personal name Nkomo Fottler Mc Afee
942 ## - ADDED ENTRY ELEMENTS (KOHA)
Source of classification or shelving scheme
Koha item type Book
Holdings
Withdrawn status Lost status Source of classification or shelving scheme Damaged status Not for loan Collection code Permanent Location Current Location Shelving location Date acquired Total Checkouts Full call number Barcode Date last seen Date last checked out Price effective from Koha item type
            Central Library (CL) Central Library (CL) General Stacks 10/27/2015 2 658.3 NKO 2011 NBS9577 08/16/2017 02/08/2017 10/27/2015 Book
© 2023 Central Library, National University of Sciences and Technology. All Rights Reserved.